000 00450nam a2200181Ia 4500
001 3726
005 20260306145704.0
008 260306t2004||||xx |||||||||||||| ||spa||
041 _aESP
082 _a302.2
_bC76
100 _aMínguez Arranz, Norberto
_eAUT
245 0 _aLa comunicación:
_bnuevos discursos y perspectivas
260 _c2004
300 _a760 páginas :
_c24 cm.
650 _aGEN
654 _aCED
942 _cLIB
_dJUS
_fJUS
_2ddc
_n
999 _c3726
_d3726